000 00361nam a2200133Ia 4500
008 151001s9999||||xx |||||||||||||| ||und||
100 _aराकेश इंदूरखा
245 _aगुरु दक्षिणा
250 _a1
260 _bअनुराग प्रकाशन
260 _c2009
300 _a16
365 _b21
999 _c995216
_d995213